|
|
|
|
| LEADER |
00000nam a22000007a 4500 |
| 003 |
CL-VaPUC |
| 005 |
20250108094705.0 |
| 008 |
191108b ||||| |||| 00| 0 eng d |
| 999 |
|
|
|c 184792
|d 184790
|
| 020 |
|
|
|a 9788434469617
|
| 040 |
|
|
|c Pontificia Universidad Católica de Valparaíso
|
| 041 |
|
|
|a ESP
|
| 082 |
|
|
|a 128 AYL
|
| 100 |
|
|
|9 589566
|a Ayllón Vega, José Ramón
|e autor
|
| 245 |
1 |
|
|a Antropología filosófica
|
| 250 |
|
|
|a 1a edición
|
| 260 |
|
|
|a Barcelona, España:
|b Ariel,
|c 2011
|
| 300 |
|
|
|a 309 páginas
|
| 583 |
|
|
|c 20240604
|
| 650 |
|
0 |
|a Antropología
|9 233030
|
| 650 |
|
0 |
|a Filosofía
|9 223554
|
| 942 |
|
|
|2 ddc
|c BK
|
| 952 |
|
|
|0 0
|1 0
|3 erb
|4 0
|6 128_000000000000000_AYL_2011
|7 0
|8 A
|9 480490
|a BIBEDU
|b BIBEDU
|i 5344433
|o 128 AYL 2011
|p 5344433
|r 2019-11-24
|w 2019-11-24
|y BK
|z Catalogado en:20161007
|k EPE
|
| 952 |
|
|
|0 0
|1 0
|3 erb
|4 0
|6 128_000000000000000_AYL_2011
|7 0
|8 A
|9 480491
|a BIBEDU
|b BIBEDU
|i 5344425
|o 128 AYL 2011
|p 5344425
|r 2019-11-24
|w 2019-11-24
|y BK
|z Catalogado en:20161007
|k EPE
|
| 952 |
|
|
|0 0
|1 0
|3 erb
|4 0
|6 128_000000000000000_AYL_2011
|7 0
|8 A
|9 480492
|a BIBEDU
|b BIBEDU
|i 5344417
|o 128 AYL 2011
|p 5344417
|r 2019-11-24
|w 2019-11-24
|y BK
|z Catalogado en:20161007
|k EPE
|